Statistics for Countries Bordering Iran - 30 Second Sprint

Click here to take the quiz!

General Stats

  • This quiz has been taken 86 times
  • The average score is 6 of 7

Answers on the Map

Answers color-coded by a green-red scale on the quiz's map according to % correct below.
 

Answer Stats

country% Correct
Iraq
97%
Pakistan
96%
Afghanistan
94%
Turkey
93%
Azerbaijan
86%
Turkmenistan
83%
Armenia
81%

Score Distribution

Percentile by Number Answered

Percent of People with Each Score

Your Score History

You have not taken this quiz